| 000 | 01926nam a22003377a 4500 | ||
|---|---|---|---|
| 003 | OSt | ||
| 005 | 20210323132516.0 | ||
| 008 | 210323s1999 ck ad||gr|||| 001 0 spa d | ||
| 020 | _a9701702611 | ||
| 040 |
_aCO-JMCR _cCO-JMCR |
||
| 041 | 1 |
_aspa _heng |
|
| 082 | 0 | 4 |
_a005.171 / _bL324u _221 |
| 100 | 1 |
_aLarman, Craig, _eautor _936444 |
|
| 245 | 1 | 0 |
_aUML y patrones : _buna introducción al análisis y diseño orientado a objetos / _cCraig Larman ; versión en español, Luz María Hernández Rodríguez ; revisión técnica Humberto Cárdenas Anaya |
| 260 |
_aMéxico : _bPrentice Hall : Pearson, _c1999 |
||
| 300 |
_axxiii, 507 páginas : _bilustraciones y gráficas a blanco y negro ; _c26 cm. |
||
| 500 | _aTítulo original : Appliying UML and patterns : an introduction to object-oriented analysis | ||
| 500 | _aIncluye índice alfabético, glosario y notas a pie de página. | ||
| 504 | _aBibliografía: páginas 495-496 | ||
| 505 | 0 | _aFase de planeación y de elaboración -- Fase de análisis (1) -- Fase de diseño (1) -- Fase de construcción (1) -- Fase de análisis (2) -- Fase de diseño (2) -- Temas especiales | |
| 518 | _aEste libro ofrece a estudiantes y diseñadores una guía detallada de actividades que los conducen gradualmente a través de los requerimientos, el análisis, el diseño y la codificación. En la fase de diseño, ponemos de relieve las habilidades principales que se requieren en el diseño de responsabilidades y de colaboración. | ||
| 546 | _aTraducido del inglés. | ||
| 650 | 1 | 4 |
_aProgramación orientada a objetos (Informática) _91853 |
| 650 | 2 | 4 |
_aUML (Informática) _936445 |
| 650 | 2 | 4 |
_aIngeniería de soporte lógico _936446 |
| 650 | 2 | 4 |
_aAnálisis de sistemas _91155 |
| 650 | 2 | 4 |
_aDiseño de sistemas _91689 |
| 700 | 1 |
_aHernández Rodríguez, Luz María, _etraductora _936447 |
|
| 700 | 1 |
_aCárdenas Anaya, Humberto, _erevisor _936448 |
|
| 942 |
_2ddc _cBK |
||
| 999 |
_c15468 _d15468 |
||